| 000 | 00904cam a2200265 i 4500 | ||
|---|---|---|---|
| 999 |
_c200444496 _d62708 |
||
| 003 | TR-AnTOB | ||
| 005 | 20211021144947.0 | ||
| 007 | ta | ||
| 008 | 041015s1985 tu a 000 0 tur | ||
| 040 |
_aTİCARETÜNV _beng _erda _cTİCARETÜNV _dTR-AnTOB |
||
| 041 | 0 | _atur | |
| 044 | _ctu | ||
| 050 | _aHD 2346.E86 | ||
| 099 | _aEDC 443.6 AVR 1985 | ||
| 245 | 0 | 0 |
_aAvrupa Ekonomik Topluluğu’nda küçük ve orta büyüklükte işletmeler/ _chaz. Betül Oran Akan, Teoman Kuyumcu. |
| 264 | 1 |
_aİstanbul: _bİktisadi Kalkınma Vakfı, _c1985. |
|
| 300 |
_a62 pages : _btables, maps ; _c30 cm |
||
| 336 |
_2rdacontent _atext _btxt |
||
| 337 |
_2rdamedia _aunmediated _bn |
||
| 338 |
_2rdacarrier _avolume _bnc |
||
| 650 | _aKüçük işletmeler_Avrupa Ekonomik Topluluğu Ülkeleri | ||
| 650 | _aSmall business_European Economic Community countries | ||
| 942 |
_2lcc _cBK |
||